00622nam a2200193Ia 4500008004100000020001400041082001400055100001700069245002900086250000700115260004700122300002300169500000700192600003300199650001500232942000700247952015900254999001500413240925s9999 xx 000 0 und d a192815008 a823.8 WIL aWilde, Oscar 0aComplete Shorter Fiction aNA aNew York:bOxford University Pressc,1992. a86p.bNAfOriginal aNA aHumanities & Natural Science aLiterature cBK 001040708HUMaUITUbUITUd1995-05-29eOxford University Press g72.00l1o823.8 WILpQ0385q2026-06-05r2026-06-02 13:22:17s2026-06-02w2024-09-25yBK c2884d2884